[Event "Mainz CCM5 sim"]
[Site "Mainz"]
[Date "2005.08.??"]
[Round "?"]
[White "Grischuk, Alexander"]
[Black "Kribben, Matthias"]
[Result "1-0"]
[WhiteElo "2720"]
[BlackElo "2224"]
[PlyCount "97"]
[EventDate "2005.08.??"]
[EventType "simul"]
[EventRounds "1"]
[EventCountry "GER"]
[SourceTitle "EXT 2007"]
[Source "ChessBase"]
[SourceDate "2006.11.23"]
[SourceVersion "1"]
[SourceVersionDate "2006.11.23"]
[SourceQuality "1"]

1. Nf3 d5 2. g3 Nf6 3. Bg2 g6 4. O-O Bg7 5. c4 c6 6. d4 O-O 7. Nbd2 Bf5 8. b3
Ne4 9. Bb2 Qa5 10. a3 Nxd2 11. Nxd2 Rd8 12. e3 Bd3 13. Re1 dxc4 14. Nxc4 Bxc4
15. bxc4 Nd7 16. Qb3 Qb6 17. Qc2 e5 18. Rad1 exd4 19. exd4 c5 20. Bd5 cxd4 21.
Re7 Ne5 22. Bxd4 Nf3+ 23. Bxf3 Bxd4 24. Rxb7 Qd6 25. Bd5 Qe5 26. Qd3 Bb6 27.
Qf3 Qf5 28. Qxf5 gxf5 29. Bxf7+ Kh8 30. Bd5 Rac8 31. Re1 Re8 32. Rxe8+ Rxe8 33.
Kf1 Bc5 34. a4 a5 35. Rb5 Bb4 36. c5 Kg7 37. c6 Kf6 38. Rb7 h6 39. f4 Re1+ 40.
Kg2 Re2+ 41. Kh3 Rc2 42. Rf7+ Kg6 43. Rd7 Bc5 44. c7 Bg1 45. g4 fxg4+ 46. Kxg4
h5+ 47. Kf3 Bxh2 48. Rd6+ Kg7 49. Rc6 1-0

[Event "CHN tt"]
[Site "Beijing"]
[Date "2017.06.06"]
[Round "1.1"]
[White "Li, Chao B"]
[Black "Dai, Changren"]
[Result "1-0"]
[WhiteElo "2720"]
[BlackElo "2423"]
[PlyCount "77"]
[EventDate "2017.06.06"]
[EventType "team-swiss"]
[EventRounds "9"]
[EventCountry "CHN"]
[SourceTitle "CBM 178 Extra"]
[Source "ChessBase"]
[SourceDate "2017.06.22"]
[SourceVersion "1"]
[SourceVersionDate "2017.06.22"]
[SourceQuality "1"]
[WhiteTeam "Beijing"]
[BlackTeam "Tianjin"]
[WhiteTeamCountry "CHN"]
[BlackTeamCountry "CHN"]

1. d4 Nf6 2. Nf3 e6 3. Bf4 c5 4. e3 Nc6 5. Nbd2 d5 6. c3 Bd6 7. Bg3 O-O 8. Bb5
h6 9. O-O Bxg3 10. hxg3 Qb6 11. a4 Ne7 12. Qb3 c4 13. Qb4 Qc7 14. a5 Rb8 15. b3
Nc6 16. Qa3 cxb3 17. Nxb3 Bd7 18. Nc5 Rfc8 19. Rfc1 Be8 20. a6 b6 21. Nb7 Na5
22. Bxe8 Nc4 23. Bxf7+ Qxf7 24. Ne5 Nxe5 25. dxe5 Ng4 26. f3 Nxe5 27. Nd6 Nc4
28. Nxf7 Nxa3 29. Nxh6+ gxh6 30. Rxa3 Rc4 31. g4 Rbc8 32. Kf2 b5 33. Rb1 R8c5
34. Ra5 Ra4 35. Raxb5 Rxc3 36. Rb7 Rxa6 37. Re7 Rc8 38. Rbb7 Ra2+ 39. Kg3 1-0

[Event "Warsaw AIG Life rapid 6th"]
[Site "Warsaw"]
[Date "2006.12.17"]
[Round "11"]
[White "Shirov, Alexei"]
[Black "Tomczak, Jacek"]
[Result "1-0"]
[WhiteElo "2720"]
[BlackElo "2420"]
[PlyCount "125"]
[EventDate "2006.12.16"]
[EventType "swiss (rapid)"]
[EventRounds "13"]
[EventCountry "POL"]
[SourceTitle "CBM 115 Extra"]
[Source "ChessBase"]
[SourceDate "2007.01.10"]
[SourceVersion "1"]
[SourceVersionDate "2007.01.10"]
[SourceQuality "1"]

1. e4 d5 2. exd5 Nf6 3. Nf3 Nxd5 4. d4 g6 5. c4 Nb6 6. Nc3 Bg7 7. c5 Nd5 8. Bc4
c6 9. O-O Be6 10. Ng5 Nxc3 11. Nxe6 Nxd1 12. Nxd8 Nxb2 13. Bxf7+ Kxd8 14. Bxb2
Rf8 15. Bc4 b5 16. Be2 Na6 17. a4 Nxc5 18. axb5 Nb3 19. Ra3 Nxd4 20. Rd1 e5 21.
bxc6 Kc7 22. Bxd4 exd4 23. Rb1 Rfb8 24. Rxb8 Rxb8 25. Rxa7+ Kxc6 26. g3 Bf6 27.
Rxh7 g5 28. Rf7 Bd8 29. Rf5 Be7 30. Bf3+ Kc7 31. Be4 Rf8 32. Re5 Bf6 33. Re6
Kd7 34. Bf5 Bh8 35. Bg4 Kc7 36. Be2 Kd7 37. Ra6 Be5 38. Kg2 Ke7 39. Bc4 Bd6 40.
Bd3 Ke6 41. Ra5 Be5 42. f3 Rb8 43. Bc4+ Kf6 44. Ra6+ Kg7 45. Bd3 Bf6 46. Ra7+
Kg8 47. Kh3 Rb2 48. Bc4+ Kh8 49. Rf7 Bg7 50. Rf5 Rc2 51. Bd3 Rd2 52. Be4 Bh6
53. Rf6 g4+ 54. Kxg4 Be3 55. h4 Rg2 56. f4 Rg1 57. h5 Bf2 58. Kf3 Be1 59. Rh6+
Kg7 60. Rg6+ Kf7 61. h6 Bd2 62. h7 Rh1 63. Rg8 1-0

[Event "FIDE World Cup"]
[Site "Khanty-Mansiysk"]
[Date "2011.09.08"]
[Round "4.4"]
[White "Dominguez Perez, Leinier"]
[Black "Polgar, Judit"]
[Result "1-0"]
[WhiteElo "2719"]
[BlackElo "2699"]
[PlyCount "99"]
[EventDate "2011.08.28"]
[EventType "k.o."]
[EventRounds "7"]
[EventCountry "RUS"]
[SourceTitle "CBM 145"]
[Source "ChessBase"]
[SourceDate "2011.11.11"]
[SourceVersion "1"]
[SourceVersionDate "2011.11.11"]
[SourceQuality "1"]

1. e4 d5 2. exd5 Qxd5 3. Nc3 Qd6 4. d4 Nf6 5. Nf3 g6 6. h3 Bg7 7. Bc4 a6 8. O-O
b5 9. Bb3 Bb7 10. Ne5 O-O 11. Bf4 Qd8 12. Re1 Nbd7 13. Qe2 c5 14. dxc5 Nxc5 15.
Rad1 Qc8 16. Bxf7+ Rxf7 17. Nxf7 Kxf7 18. Qxe7+ Kg8 19. Bc7 Bf8 20. Qxf6 Qxc7
21. Nd5 Qf7 22. Ne7+ Bxe7 23. Qxe7 Qxe7 24. Rxe7 Rb8 25. b4 Kf8 26. Rxh7 Kg8
27. Re7 Kf8 28. Re5 Na4 29. Rd6 Kf7 30. Ree6 Rc8 31. Rxg6 Rxc2 32. Rh6 Kg7 33.
Rhg6+ Kf7 34. h4 Rc1+ 35. Kh2 Rc4 36. Rh6 Kg7 37. h5 Be4 38. Rhe6 Kf7 39. Rxa6
Nc3 40. Rf6+ Ke7 41. h6 Ne2 42. Rae6+ Kd7 43. Re5 Rxb4 44. h7 Bxh7 45. Rxe2 Bb1
46. Ra6 Rh4+ 47. Kg1 Rd4 48. Rb2 Rd1+ 49. Kh2 Bd3 50. a4 1-0

[Event "MrDodgy Invitational 2020"]
[Site "chess24.com INT"]
[Date "2020.06.12"]
[Round "1.8"]
[White "Navara, D."]
[Black "Howell, D."]
[Result "1-0"]
[WhiteElo "2719"]
[BlackElo "2663"]
[PlyCount "105"]
[EventDate "2020.06.12"]
[EventType "k.o. (blitz)"]
[EventRounds "3"]
[SourceTitle "The Week in Chess 1336"]
[Source "Mark Crowther"]
[SourceDate "2020.06.15"]
[SourceVersion "2"]
[SourceVersionDate "2020.06.21"]
[SourceQuality "2"]

1. e4 e5 2. Nf3 Nc6 3. Bb5 a6 4. Ba4 Nf6 5. O-O Be7 6. Re1 b5 7. Bb3 d6 8. c3
O-O 9. d4 Bg4 10. Be3 Bh5 11. Nbd2 Na5 12. Bc2 Ng4 13. Nf1 Nxe3 14. Nxe3 Bg5
15. dxe5 Bxe3 16. Rxe3 Nc4 17. exd6 Nxe3 18. fxe3 Qxd6 19. Qxd6 cxd6 20. Nd4
Rfe8 21. Rf1 Bg6 22. Rf4 Rac8 23. Bb3 Rxe4 24. Bxf7+ Kh8 25. Be6 Re8 26. Rf3 h6
27. Bd7 R8e7 28. Bf5 Bxf5 29. Nxf5 Rf7 30. Kf2 Re6 31. Ke2 Kh7 32. a3 Ref6 33.
Nxd6 Rxf3 34. gxf3 Rc7 35. e4 g5 36. Ke3 Kg6 37. e5 Ra7 38. Ke4 Ra8 39. Kd5 Rf8
40. e6 Kf6 41. Nf7 Ke7 42. Ke5 Rc8 43. Kd5 Rf8 44. b3 h5 45. c4 bxc4 46. bxc4
g4 47. fxg4 hxg4 48. c5 Rb8 49. Nd6 Rb2 50. Nf5+ Ke8 51. c6 Rxh2 52. c7 Rd2+
53. Nd4 1-0

[Event "Corus"]
[Site "Wijk aan Zee"]
[Date "2007.01.26"]
[Round "11"]
[White "Navara, David"]
[Black "Motylev, Alexander"]
[Result "1/2-1/2"]
[WhiteElo "2719"]
[BlackElo "2647"]
[Annotator "Rogozenco,D"]
[PlyCount "84"]
[EventDate "2007.01.13"]
[EventType "tourn"]
[EventRounds "13"]
[EventCountry "NED"]
[EventCategory "19"]
[SourceTitle "CBM 117"]
[Source "ChessBase"]
[SourceDate "2007.03.30"]
[SourceVersion "1"]
[SourceVersionDate "2007.03.30"]
[SourceQuality "1"]

1. d4 d5 2. c4 c6 3. Nc3 Nf6 4. Nf3 dxc4 5. a4 Bf5 6. e3 e6 7. Bxc4 Bb4 8. Ne5
Nbd7 9. Nxd7 Qxd7 10. O-O ({Sometimes White starts with} 10. f3 {and then after
} Rd8 11. O-O O-O 12. Qb3 {in opposite to the game Black has the queen's rook
on d8. However, instead of the most popular reaction 10...Rd8 Black can
continue 10...0-0 and later place on d8 the king's rook, which makes no
difference to the game.}) 10... O-O 11. f3 Rfd8 12. Qb3 {Krasenkow's patent.
In this position the queen used to go to e2 until in 2005 the Polish GM
developed it on b3.} Qe7 $1 $146 {This novelty is the most flexible move in
the position. The queen will probably have to leave the d-file anyway, while
other moves restrict Black's later options.} (12... Ba5 13. Rd1 Bg6 14. e4 Bb6
15. Be3 (15. e5 Nd5 $13 {1/2-1/2 Kiselev,S (2437)-Kuporosov,V (2473)/Tula 2002
(20)}) 15... e5 16. Ne2 exd4 17. a5 Bc5 18. Bxd4 Qe7 19. Qc3 Bxd4+ 20. Nxd4 $14
) (12... c5 13. Rd1 Qe7 14. e4 Bg6 15. d5 $5 (15. Na2 $6 Ba5 16. Bg5 $2 cxd4
17. e5 Qc5 18. Qb5 Qxb5 $1 (18... Rdc8 19. exf6 $16 {1-0 Vasilevich,T (2386)
-Xu Yuanyuan (2410)/Elista 2004 (49)}) 19. Bxb5 (19. axb5 Rdc8) 19... Rd5 $17)
15... exd5 (15... Bxc3 16. Qxc3 exd5 17. exd5 $14) 16. Nxd5 Nxd5 17. Bxd5 $14)
(12... a5 13. Rd1 Bg6 14. e4 Qe7 15. Be3 (15. Na2 Bc5 16. Be3 Ba7 17. Nc1 Rd7
18. Qc3 c5 19. Nb3 {1/2-1/2 Harika,D (2358)-Swathi,G (2244)/Hyderabad 2006}
cxd4 $132) 15... Nd5 $5 16. Bf2 Nf4 $13) 13. Rd1 {Already this looks to me
like a slight inaccuracy.} (13. e4 Bg6 (13... Rxd4 $2 14. Ne2 $16 ({Even} 14.
exf5 Qc5 15. Be2 $1 Bxc3 16. Be3 {favours White})) 14. Be3 (14. Rd1 e5 {
leads to the game}) (14. Ne2 c5 15. Be3 {see 14.Be3}) 14... c5 (14... e5 15.
dxe5 Bc5 16. Bxc5 Qxc5+ 17. Kh1 Qxe5 18. Qxb7 Qc5 19. Qb3 Rab8 20. Rad1 $1 $16)
15. Ne2 cxd4 16. Nxd4 Bc5 17. Rad1 (17. Rfd1 {unexpectedly runs into a similar
combination like in the game:} Bxe4 $1 18. fxe4 Ng4 $36) 17... Rac8 (17... Bxe4
18. fxe4 Ng4 19. Rxf7 $1) 18. Be2 $11) 13... Bg6 14. e4 e5 $1 (14... c5 15. d5
$14 {transposes to the variation 12...c5, see above.}) 15. Ne2 $2 {A tactical
mistake.} ({White still could keep the balance with} 15. Be3 exd4 16. Bxd4 Rxd4
(16... Bc5 17. Bxc5 Qxc5+ 18. Kh1 $11) 17. Rxd4 Bc5 18. Rad1 Rd8 19. Ne2 Qe5
20. Qc3 $11 {and Black cannot increase the pressure}) (15. dxe5 $2 Qc5+ $1 16.
Kf1 (16. Kh1 $2 Bxc3 17. Rxd8+ Rxd8 18. bxc3 Qxc4 $1 $19) 16... Ba5 $1 {
with a very strong attack. For instance:} 17. g3 (17. exf6 Bb6 $19) 17... Bb6
18. Kg2 (18. Rxd8+ Rxd8 19. Kg2 Nd7 $5 $17 20. f4 $140 Qf2+ 21. Kh3 Nc5 22. Qb4
Nxe4 $19) 18... Rxd1 19. Qxd1 (19. Nxd1 Ng4 $1 $19) 19... Nxe4 20. Nxe4 Qxc4
$17) 15... exd4 16. Nxd4 Bc5 17. Be3 Bxe4 $1 18. fxe4 Ng4 {It looks like Black
has a decisive advantage. Nevertheless Navara exploits all his chances and
succeeds to achieve opposite-coloured bishops.} 19. Kh1 $1 {Other moves are
worse:} (19. Qd3 Qe5 $19) (19. Nf5 Qe5 20. Rxd8+ Rxd8 21. Bxf7+ Kh8 22. Bxc5
Qxc5+ 23. Ne3 Nxe3 24. Kh1 {Here White keeps material equality for a while,
but his position is lost.} Qd4 ({or} 24... Ng4 25. h3 Nf2+ 26. Kh2 Qe5+ 27. Kg1
Qd4 28. Kh2 Qxe4 29. Qxb7 Qf4+ 30. Kg1 Rf8 $19) 25. Bh5 Rf8 26. Bf3 Qd2 27. Qe6
Qf2 28. Qh3 Qxb2 $19) (19. h3 Nxe3 20. Qxe3 Qe5 21. Qf3 Bxd4+ 22. Kh1 Rd7 $17)
19... Qxe4 20. Bxf7+ Kh8 21. Qe6 $1 Qxe3 {The correct decision to keep the
queens.} ({The endgame after} 21... Qxe6 22. Nxe6 Rxd1+ 23. Rxd1 Bxe3 24. Rd8+
({Another option is} 24. Re1) 24... Rxd8 25. Nxd8 Nf2+ 26. Kg1 Nd3+ 27. Kf1
Nxb2 28. Nxb7 Nxa4 29. Be8 {can turn out to be a draw}) 22. Qxg4 Bxd4 23. Ra3
Qe7 24. Qh5 Rd6 25. Rad3 c5 26. Bc4 Rh6 27. Qg4 (27. Qf7 $5 $17) 27... Rf8 $6 (
{Stronger was} 27... Re8 $17 {avoiding the exchange of rooks.}) ({or} 27... Rf6
{and in case of} 28. Rf3 {Black wins the second pawn:} (28. b3 Re8 29. h3 Ref8
$17) 28... Rxf3 29. Qxf3 Bxb2 30. Rb1 Rf8 31. Qe2 (31. Qd5 b6) 31... Be5 32.
Re1 Qh4 33. Qxe5 Qxc4 $19) 28. Rf3 $1 Rhf6 ({Now after} 28... Rxf3 29. Qxf3
Bxb2 $2 {White can use opponent's back rank weakness:} 30. Qf7 $1 {and Black
is in troubles}) 29. Rxf6 Rxf6 30. b3 {In spite of the extra pawn and the
strong bishop on d4, Black's advantage is minimal. White has no weaknesses and
his bishop is also strong and stable on c4. The queenside structure is of such
nature that Black cannot make use of his extra pawn there.} g6 31. h3 Kg7 32.
Qe2 Qxe2 {Basically giving up the fight.} (32... Qd6 {planning something like .
..Qg3 and ...Be5 was called for. Then after} 33. Re1 Qg3 34. Qe7+ Kh6 {Black
still keeps some practical chances.}) 33. Bxe2 Re6 34. Bc4 Re7 35. g4 {After
the exchange of queens White releases the king and has no problems at all to
hold the position.} b6 36. Kg2 h5 37. gxh5 gxh5 38. Rf1 Kg6 39. Bd3+ Kg7 40.
Kg3 Kh6 41. Rf5 Bc3 42. Bc4 Kg6 1/2-1/2

[Event "FIDE World Cup"]
[Site "Tromsoe"]
[Date "2013.08.20"]
[Round "4.1"]
[White "Vachier Lagrave, Maxime"]
[Black "Gelfand, Boris"]
[Result "1/2-1/2"]
[WhiteElo "2719"]
[BlackElo "2764"]
[PlyCount "54"]
[EventDate "2013.08.11"]
[EventType "k.o."]
[EventRounds "7"]
[EventCountry "NOR"]
[SourceTitle "CBM 156"]
[Source "ChessBase"]
[SourceDate "2013.09.17"]
[SourceVersion "1"]
[SourceVersionDate "2013.09.17"]
[SourceQuality "1"]

1. d4 Nf6 2. c4 g6 3. Nc3 d5 4. cxd5 Nxd5 5. e4 Nxc3 6. bxc3 Bg7 7. Bc4 c5 8.
Ne2 O-O 9. O-O Nc6 10. Be3 b6 11. dxc5 Qc7 12. Nd4 Ne5 13. Nb5 Qb8 14. Bd5 Ng4
15. g3 Nxe3 16. fxe3 a6 17. Bxf7+ Kh8 18. Nd4 bxc5 19. Bd5 Rxf1+ 20. Qxf1 cxd4
21. Rb1 Qa7 22. Qf7 Be6 23. Qxe6 dxc3 24. Bxa8 Qxe3+ 25. Kg2 Qe2+ 26. Kh3 Qh5+
27. Kg2 Qe2+ 1/2-1/2

[Event "Montreal 8th"]
[Site "Montreal"]
[Date "2007.07.20"]
[Round "2"]
[White "Kamsky, Gata"]
[Black "Miton, Kamil"]
[Result "1-0"]
[WhiteElo "2718"]
[BlackElo "2648"]
[PlyCount "85"]
[EventDate "2007.07.19"]
[EventType "tourn"]
[EventRounds "9"]
[EventCountry "CAN"]
[EventCategory "16"]
[SourceTitle "CBM 119"]
[Source "ChessBase"]
[SourceDate "2007.08.01"]
[SourceVersion "1"]
[SourceVersionDate "2007.08.01"]
[SourceQuality "1"]

1. e4 c6 2. d4 d5 3. exd5 cxd5 4. c4 Nf6 5. Nc3 e6 6. Nf3 Bb4 7. Bd3 dxc4 8.
Bxc4 O-O 9. O-O a6 10. a4 Nc6 11. Bg5 Be7 12. Re1 Bd7 13. Qe2 Nd5 14. Bxd5 Bxg5
15. Be4 Bf6 16. Rad1 Re8 17. Ne5 Qe7 18. Nxd7 Qxd7 19. d5 Nd4 20. Qg4 g6 21.
Bb1 Nf5 22. dxe6 Rxe6 23. Ne4 Bd4 24. Ba2 Re7 25. Ng5 Qxa4 26. Qh3 h6 27. Bxf7+
Rxf7 28. Nxf7 Kxf7 29. g4 Nd6 30. Qf3+ Kg7 31. Qf4 Bxf2+ 32. Qxf2 Qxg4+ 33. Qg3
Qxg3+ 34. hxg3 Nf5 35. g4 Nh4 36. Re6 Kf7 37. Rb6 Nf3+ 38. Kg2 Ne5 39. Kg3 Rb8
40. Rd5 Nc6 41. Rd6 Ne7 42. Rd7 h5 43. g5 1-0

[Event "EU-Cup 28th"]
[Site "Eilat"]
[Date "2012.10.14"]
[Round "4.1"]
[White "Andreikin, Dmitry"]
[Black "Svidler, Peter"]
[Result "1/2-1/2"]
[WhiteElo "2718"]
[BlackElo "2747"]
[PlyCount "109"]
[EventDate "2012.10.11"]
[EventType "team-swiss"]
[EventRounds "7"]
[EventCountry "ISR"]
[SourceTitle "CBM 151"]
[Source "ChessBase"]
[SourceDate "2012.11.13"]
[SourceVersion "1"]
[SourceVersionDate "2012.11.13"]
[SourceQuality "1"]
[WhiteTeam "Saratov Economist"]
[BlackTeam "St Petersburg CF"]
[WhiteTeamCountry "RUS"]
[BlackTeamCountry "RUS"]

1. Nf3 g6 2. e4 d6 3. d4 Nf6 4. Nc3 Bg7 5. Be2 O-O 6. O-O a6 7. a4 b6 8. Re1 e6
9. e5 dxe5 10. Nxe5 Bb7 11. Bg5 h6 12. Bh4 Qc8 13. Bf3 Nfd7 14. Ne4 Ra7 15. Ra3
Bxe4 16. Bxe4 c5 17. Nxf7 Rxf7 18. d5 exd5 19. Bxg6 Ne5 20. Bxf7+ Rxf7 21. Qxd5
Nbc6 22. Rae3 Qd7 23. Qe4 Nd4 24. Qa8+ Kh7 25. Rxe5 Bxe5 26. Qe4+ Nf5 27. g4
Bxb2 28. gxf5 Qxf5 29. Qxf5+ Rxf5 30. Rb1 Rf4 31. Rxb2 Rxh4 32. Rxb6 Rxa4 33.
Rc6 Rc4 34. Rxa6 Rxc2 35. Rc6 c4 36. Kg2 Rc3 37. h4 Rc1 38. Kg3 c3 39. Kf4 Rc2
40. f3 Rh2 41. Kg3 Rc2 42. Kg4 Rc1 43. Kh5 c2 44. Rc7+ Kg8 45. Kxh6 Rf1 46.
Rc8+ Kf7 47. Rxc2 Rxf3 48. Rg2 Rf4 49. h5 Rf5 50. Rg6 Kf8 51. Rg1 Kf7 52. Rg2
Ra5 53. Rg7+ Kf8 54. Rb7 Kg8 55. Rc7 1/2-1/2

[Event "CRO-chT1A"]
[Site "Bol"]
[Date "2014.10.12"]
[Round "9.1"]
[White "Navara, David"]
[Black "Saric, Ivan"]
[Result "1/2-1/2"]
[WhiteElo "2718"]
[BlackElo "2678"]
[PlyCount "113"]
[EventDate "2014.10.04"]
[EventType "team-tourn"]
[EventRounds "9"]
[EventCountry "CRO"]
[SourceTitle "CBM 162 Extra"]
[Source "ChessBase"]
[SourceDate "2014.10.17"]
[SourceVersion "1"]
[SourceVersionDate "2014.10.17"]
[SourceQuality "1"]
[WhiteTeam "Osijek"]
[BlackTeam "Rijeka Liburnija"]
[WhiteTeamCountry "CRO"]
[BlackTeamCountry "CRO"]

1. d4 d5 2. c4 e6 3. Nc3 Bb4 4. Nf3 Nf6 5. Bg5 Nbd7 6. cxd5 exd5 7. e3 c5 8.
Be2 Qa5 9. O-O Bxc3 10. bxc3 c4 11. Nd2 Qxc3 12. e4 Nxe4 13. Nxe4 dxe4 14. Rc1
Qa5 15. Bd2 Qf5 16. Bxc4 O-O 17. Bb3 Nf6 18. Rc5 Qd7 19. Qc1 b6 20. Rc7 Qb5 21.
Bc4 Qa4 22. Bg5 Ne8 23. Bxf7+ Rxf7 24. Rxc8 Rxc8 25. Qxc8 Kf8 26. d5 Qd7 27.
Qc6 h6 28. Bh4 Qxc6 29. dxc6 Rc7 30. Rc1 Rc8 31. g4 Kf7 32. Bg3 Ke6 33. Kf1 Nf6
34. h3 Nd5 35. Rc4 e3 36. f4 g6 37. Ke2 Ne7 38. c7 Kd7 39. Kxe3 Nd5+ 40. Ke4
Nxc7 41. f5 gxf5+ 42. gxf5 Re8+ 43. Be5 Na6 44. Kd5 Ke7 45. Ra4 Rd8+ 46. Kc6
Rc8+ 47. Kb7 Nc5+ 48. Kxc8 Nxa4 49. Kb7 b5 50. Kxa7 b4 51. Ka6 b3 52. axb3 Nc5+
53. Kb5 Nxb3 54. Bc3 Nc1 55. Kc4 Ne2 56. Be5 Ng1 57. Bf4 1/2-1/2

[Event "Moscow Superblitz"]
[Site "Moscow"]
[Date "2006.01.05"]
[Round "16"]
[White "Grischuk, Alexander"]
[Black "Jakovenko, Dmitrij"]
[Result "1-0"]
[WhiteElo "2717"]
[BlackElo "2662"]
[PlyCount "123"]
[EventDate "2006.01.05"]
[EventType "tourn (blitz)"]
[EventRounds "22"]
[EventCountry "RUS"]
[EventCategory "17"]
[SourceTitle "EXT 2007"]
[Source "ChessBase"]
[SourceDate "2006.11.23"]
[SourceVersion "1"]
[SourceVersionDate "2006.11.23"]
[SourceQuality "1"]

1. e4 e5 2. Nf3 Nc6 3. Bb5 a6 4. Ba4 Nf6 5. O-O Be7 6. Re1 b5 7. Bb3 O-O 8. d4
d6 9. c3 Bg4 10. d5 Na5 11. Bc2 Qc8 12. h3 Bd7 13. Bg5 c6 14. dxc6 Qxc6 15.
Nbd2 Rac8 16. Rc1 h6 17. Bxf6 Bxf6 18. Qe2 Be6 19. Bd3 Nc4 20. Nf1 d5 21. b3
Nb6 22. Ng3 g6 23. exd5 Nxd5 24. Nxe5 Nf4 25. Nxc6 Nxe2+ 26. Rxe2 Rxc6 27. Ne4
Bg7 28. c4 bxc4 29. Bxc4 Rfc8 30. Rec2 Bf5 31. Bxf7+ Kxf7 32. Rxc6 Rxc6 33.
Rxc6 Bxe4 34. Rxa6 Bc3 35. a3 Ke7 36. b4 Bd3 37. Rc6 Bd2 38. g4 Kd7 39. Rc5 Kd6
40. Ra5 Kc6 41. f3 Bf4 42. Kg2 Kb6 43. Rd5 Bc2 44. h4 Bb3 45. Rd4 Be5 46. Rd8
Kc7 47. Rd3 Bc4 48. Re3 Bb2 49. Kg3 Kb6 50. a4 Bd5 51. Rd3 Kc6 52. f4 Bc4 53.
Rd2 Ba3 54. Rc2 Kd5 55. b5 Bc5 56. Rd2+ Ke4 57. Rd8 Be3 58. Re8+ Kd3 59. f5 g5
60. hxg5 hxg5 61. Rxe3+ Kxe3 62. b6 1-0

[Event "Linares 19th"]
[Site "Linares"]
[Date "2002.03.02"]
[Round "7"]
[White "Ivanchuk, Vassily"]
[Black "Adams, Michael"]
[Result "1-0"]
[WhiteElo "2717"]
[BlackElo "2742"]
[Annotator "Ftacnik,L"]
[PlyCount "99"]
[EventDate "2002.02.22"]
[EventType "tourn"]
[EventRounds "14"]
[EventCountry "ESP"]
[EventCategory "20"]
[SourceTitle "CBM 088"]
[Source "ChessBase"]
[SourceDate "2002.03.21"]
[SourceVersion "1"]
[SourceVersionDate "2002.03.21"]
[SourceQuality "1"]

1. e4 {Hecht} e5 2. Nf3 Nc6 3. Bb5 a6 4. Ba4 Nf6 5. O-O Be7 6. Re1 b5 7. Bb3
O-O 8. a4 Bb7 9. d3 Re8 10. Na3 Bxa3 11. bxa3 d5 $1 12. exd5 (12. Bg5 dxe4 13.
dxe4 h6 14. Qxd8 Rexd8 15. Bxf6 gxf6 $11) 12... Nxd5 13. Bb2 $6 {The vision of
the play along the diagonal a1-h8 is very attractive, but his move is deeply
suspicious.} (13. Bd2 Qd7 14. axb5 axb5 15. c4 bxc4 16. dxc4 Nf6 17. Bg5 $14) (
13. Ng5 $5 bxa4 14. Bxa4 h6 15. Ne4 $14) 13... Nf4 $1 14. Bc1 (14. Qd2 Qf6 15.
Qe3 Qf5 $15) 14... Nxg2 $6 (14... Nd4 $5 15. Nxd4 (15. Bxf4 Bxf3 16. gxf3 exf4
$17) 15... Nxg2 $1 16. Qh5 (16. Ne2 Qh4 17. Ng3 Qh3 $19) 16... Nxe1 17. Bxf7+
Kf8 18. Bb3 Qf6 $17) 15. Ng5 $1 Nxe1 (15... Nd4 $5 16. Bxf7+ Kf8 17. Qh5 (17.
Ba2 g6 $1 (17... Qxg5 $2 18. Bxg5 Nxe1 19. Qh5 $16) 18. Nf7 Qh4 19. Bh6+ Qxh6
20. Nxh6 Nxe1 $15) 17... Nf3+ 18. Nxf3 Bxf3 19. Qxf3 Nxe1 20. Qf5 Qf6 21. Qxf6
gxf6 22. Bxe8 Kxe8 23. Bb2 $11) 16. Qh5 $1 Qd7 (16... h6 17. Nxf7 (17. Bxf7+
Kh8 18. Qg6 Nf3+ $17) 17... Qf6 18. Ng5+ Kh8 19. Nf7+ $11) 17. Bxf7+ Kf8 18.
Be3 $1 {Ivanchuk is making miracles in the endangered position and frustrated
Adams is even falling into problem zone.} (18. Nxh7+ $6 Ke7 19. Bg5+ Kd6 20.
Rxe1 Nd4 21. Kf1 Qc6 22. Qg6+ (22. Re4 Qxc2 23. Rxd4+ exd4 24. Bf4+ Kd7 25.
Bxe8+ Rxe8 $19) 22... Re6 23. Qe4 Qxe4 24. dxe4 Nxc2 25. Rd1+ Nd4 26. Bxe6 Kxe6
$17) 18... Nd4 19. Rxe1 Nf3+ (19... g6 20. Qh6+ Ke7 21. Qh4 Qc6 22. f3 $13) 20.
Kf1 $1 (20. Nxf3 Qxf7 21. Bc5+ Kg8 22. Qxf7+ Kxf7 23. Nxe5+ Kg8 $17) 20... Nxg5
21. Bc5+ (21. Bxe8 Rxe8 22. Bxg5 Qc6 23. axb5 $11) 21... Re7 22. Rxe5 Nxf7 23.
Rxe7 Qxe7 24. Bxe7+ Kxe7 {Hecht: '[#] Materiell ist Schwarz etwas im Vorteil,
der aber bald verschwindet, da ihm etliche Bauern abhanden kommen. Zudem gibt
es Dissonanzen im Zusammenspiel seiner Figuren. Daher geht Iwantschuk nicht
auf Remis durch Dauerschach aus.'} 25. Qc5+ $1 Kd7 (25... Ke6 26. Qxc7 Bd5 27.
Qb6+ Nd6 28. Qe3+ Kd7 29. Qe5 Bf7 30. Qxg7 Rc8 $14) 26. Qd4+ Ke7 (26... Nd6 {
Hecht} 27. Qxg7+ Kc6 28. Qxh7 $16) 27. Qxg7 bxa4 $2 (27... Bd5 $1 28. Qxh7 (28.
Qd4 c6 $11) 28... Rh8 29. Qf5 c6 $11) 28. Qc3 $1 Kd7 29. Qd4+ Nd6 30. Qxa4+ Ke6
31. Qg4+ Nf5 32. Qc4+ Bd5 $2 {Nobody was envying black's defensive task, but
after this move white connected passed pawns on c and d files will become
unstoppable.} (32... Kd7 33. Qf7+ Ne7 34. Qxh7 $16 {und gegen die
Einzelfreibauern kann Schwarz eher kämpfen als gegen die verbundenen wie im
Text.}) 33. Qxc7 {'+-' Hecht.} h5 34. c4 Bh1 (34... Bf3 {Hecht} 35. Qf4 Bb7 36.
d4 $18) 35. f4 Rf8 (35... Ne7 36. Qe5+ Kd7 37. f5 Rf8 38. Qe6+ Kd8 39. Qd6+ Ke8
40. f6 $18) 36. Qb6+ Kf7 (36... Kd7 37. Qa7+ Kd8 38. Qxa6 $18) 37. Qa7+ Ne7 38.
Qxa6 Rb8 39. d4 Rb1+ 40. Ke2 Rb2+ 41. Kd3 Rb3+ 42. Kd2 Rh3 43. d5 $1 Rxh2+ 44.
Kd3 Nxd5 45. cxd5 Bxd5 46. f5 {Black is finding no respite even after piece
sacrifice, in fact he will lose yet more material.} (46. Qa7+ Ke6 47. f5+ $1
Kxf5 48. Qc5 Ke6 49. Qc8+ Kf6 50. Qd8+ Ke6 51. Qg8+ $18) 46... Ra2 47. Qa7+ Kf6
(47... Kg8 48. Qb8+ Kg7 49. Qc7+ $18) 48. Qd4+ Kg5 49. Qxd5 Rxa3+ 50. Ke4 1-0